[Event "Caissa IM Aug 2013"]
[Site "Kecskemet HUN"]
[Date "2013.08.21"]
[Round "7.3"]
[White "Meszaros,Gyu"]
[Black "Sean,W"]
[Result "0-1"]
[WhiteElo "2248"]
[BlackElo "2287"]

1.Nf3 d5 2.c4 d4 3.e3 c5 4.b4 cxb4 5.exd4 Bg4 6.h3 Bh5 7.a3 e6 8.g4 Bg6 9.Bg2 Nc6
10.Qa4 Qa5 11.Qb3 Nf6 12.O-O Be7 13.Bb2 O-O 14.Ne5 bxa3 15.Bxc6 Qc7 16.Qxb7 axb2
17.Ra2 Qxb7 18.Bxb7 Rab8 19.Rxa7 Bd6 20.c5 Bxe5 21.dxe5 Nd5 22.c6 f6 23.Ra2 Be8
24.exf6 Rf7 25.f4 Rc7  0-1

[Event "12th Lichtenberger Sommer"]
[Site "Berlin GER"]
[Date "2013.08.22"]
[Round "6.50"]
[White "Georgi,D"]
[Black "Sechting,M"]
[Result "0-1"]
[WhiteElo "1696"]
[BlackElo "2054"]

1.Nf3 d5 2.c4 e6 3.b3 c5 4.Bb2 Nf6 5.d3 Nc6 6.g3 b6 7.cxd5 exd5 8.Bg2 Be7
9.O-O Bb7 10.Nbd2 O-O 11.d4 Rc8 12.Rc1 Re8 13.Re1 Bf8 14.Nf1 Ba6 15.Ne3 Ne4
16.dxc5 Bxc5 17.Rxc5 bxc5 18.Qxd5 Qxd5 19.Nxd5 Nb4 20.Nxb4 cxb4 21.Bd4 Rc2
22.Ne5 Nc3 23.Bc6 Rc8 24.Bxa7 Nxe2+ 25.Rxe2 Rxe2 26.Be3 Re1+  0-1

[Event "12th Lichtenberger Sommer"]
[Site "Berlin GER"]
[Date "2013.08.22"]
[Round "6.94"]
[White "Theilig,Reinhard"]
[Black "Schueler,W"]
[Result "1/2-1/2"]
[WhiteElo "1713"]
[BlackElo "1880"]

1.Nf3 d5 2.c4 e6 3.g3 c6 4.b3 Nf6 5.Bb2 Be7 6.Bg2 O-O 7.O-O Nbd7 8.d3 Ne8
9.Nbd2 Bf6 10.d4 Nb6 11.Ba3 Be7 12.Bb2 f5 13.c5 Nd7 14.b4 b6 15.Qc2 a5 16.bxa5 Rxa5
17.Nb3 Ra6 18.Rfe1 b5 19.Bc1 Ra4 20.Bf4 Bf6  1/2-1/2

[Event "33rd Bratto Open"]
[Site "Bratto ITA"]
[Date "2013.08.22"]
[Round "6.1"]
[White "Sumets,A"]
[Black "Colovic,A"]
[Result "1/2-1/2"]
[WhiteElo "2577"]
[BlackElo "2502"]

1.Nf3 d5 2.c4 c6 3.e3 Nf6 4.Nc3 e6 5.b3 Bd6 6.Bb2 O-O 7.Qc2 e5 8.cxd5 cxd5
9.Nb5 Nc6 10.Nxd6 Qxd6 11.Rc1 Bg4 12.h3 Bh5 13.Bb5  1/2-1/2

[Event "3rd Budapest Open"]
[Site "Budapest HUN"]
[Date "2013.08.22"]
[Round "6.6"]
[White "Toth,Sar"]
[Black "Szepes,T"]
[Result "1-0"]
[WhiteElo "2138"]
[BlackElo "2248"]

1.Nf3 d5 2.c4 e6 3.g3 Nf6 4.Bg2 Be7 5.O-O O-O 6.b3 c5 7.e3 Nc6 8.Bb2 Rb8
9.Nc3 d4 10.exd4 cxd4 11.Nb5 e5 12.d3 a6 13.Na3 Bg4 14.h3 Bf5 15.Nc2 Nd7
16.Re1 Qc8 17.Bf1 Re8 18.Kh2 Qc7 19.a3 a5 20.Rb1 Bd6 21.Bc1 e4 22.Nfxd4 exd3
23.Nxf5 dxc2 24.Rxe8+ Rxe8 25.Qxc2 Be5 26.Bb2 g6 27.Nh6+ Kg7 28.Ng4 Nd4 29.Qd1 Nc6
30.Nxe5 Ndxe5 31.f4 Qb6 32.fxe5 Qf2+ 33.Bg2 Rd8 34.Qf3  1-0

[Event "9th BDO Challenger"]
[Site "Haarlem NED"]
[Date "2013.08.22"]
[Round "6.3"]
[White "De Jager,J"]
[Black "Pijpers,A"]
[Result "0-1"]
[WhiteElo "2404"]
[BlackElo "2364"]

1.Nf3 d5 2.c4 c6 3.g3 Nf6 4.Bg2 Bf5 5.cxd5 cxd5 6.Qb3 Nc6 7.Qxb7 Bd7 8.Qb3 e5
9.O-O Rb8 10.Qd1 e4 11.Ne1 h5 12.d3 h4 13.dxe4 dxe4 14.Nc3 hxg3 15.hxg3 Qa5
16.f3 Qh5 17.Kf2 exf3 18.Nxf3 Bc5+ 19.e3 O-O 20.Rh1 Qg6 21.Nh4 Ng4+ 22.Ke2 Qf6
23.Ne4 Qe7 24.Nxc5 Rxb2+ 25.Kf1 Qxc5 26.Qxd7 Rd8 27.Qxg4 Qc4+ 28.Qxc4 Rd1+  0-1

[Event "3rd Isthmia Open"]
[Site "Vrachati GRE"]
[Date "2013.08.22"]
[Round "6.5"]
[White "Moutousis,K"]
[Black "Naoum,S"]
[Result "1-0"]
[WhiteElo "2400"]
[BlackElo "2186"]

1.Nf3 d5 2.c4 c6 3.e3 Nf6 4.b3 e6 5.Bb2 Be7 6.Qc2 O-O 7.Be2 b6 8.Rg1 Bb7
9.g4 Nbd7 10.Nc3 e5 11.g5 Ne8 12.h4 Nd6 13.O-O-O b5 14.c5 b4 15.Na4 Ne4 16.Nxe5 Ndxc5
17.Nxc5 Nxc5 18.Ng4 Ne6 19.Nf6+ Bxf6 20.gxf6 g6 21.h5 d4 22.hxg6 c5 23.gxf7+ Kh8
24.Qg6 Qe7 25.Qg7+ Nxg7 26.fxg7+  1-0

[Event "15th Sants Open 2013"]
[Site "Barcelona ESP"]
[Date "2013.08.23"]
[Round "1.13"]
[White "Hillarp Persson,T"]
[Black "Laverton,C"]
[Result "1-0"]
[WhiteElo "2529"]
[BlackElo "2081"]

1.Nf3 d5 2.c4 c6 3.b3 Nf6 4.Bb2 e6 5.e3 Bd6 6.Qc2 O-O 7.h3 Nbd7 8.Nc3 Qe7
9.g4 Nc5 10.g5 Nfd7 11.d4 Na6 12.a3 Re8 13.Bd3 Nf8 14.h4 b6 15.b4 dxc4 16.Bxc4 c5
17.dxc5 bxc5 18.b5 Bb7 19.Ne4 Nc7 20.O-O-O Nd5 21.h5  1-0

[Event "3rd Budapest Open"]
[Site "Budapest HUN"]
[Date "2013.08.23"]
[Round "7.4"]
[White "Meszaros,An"]
[Black "Zoldy,R"]
[Result "1-0"]
[WhiteElo "2261"]
[BlackElo "1962"]

1.Nf3 d5 2.c4 e6 3.g3 c5 4.Bg2 Nc6 5.cxd5 exd5 6.d4 Nf6 7.O-O Be7 8.dxc5 Bxc5
9.a3 a6 10.b4 Ba7 11.Bb2 Be6 12.Qd3 O-O 13.Ng5 d4 14.Nxe6 fxe6 15.Bxc6 bxc6
16.Qxa6 Qd5 17.Nd2 Ng4 18.Qd3 Qh5 19.h4 Rf5 20.Rac1 c5 21.bxc5 e5 22.c6 Raf8
23.c7  1-0

[Event "22nd Feffernitz Open 2013"]
[Site "Feffernitz GER"]
[Date "2013.08.23"]
[Round "7.2"]
[White "Stopa,Ja"]
[Black "Ivanov,MM"]
[Result "1-0"]
[WhiteElo "2491"]
[BlackElo "2390"]

1.Nf3 d5 2.c4 d4 3.b4 g6 4.d3 Bg7 5.g3 e5 6.Bg2 Ne7 7.O-O O-O 8.a4 a5 9.b5 c5
10.Ra2 Ra7 11.e3 dxe3 12.fxe3 b6 13.Nc3 Rd7 14.Ne1 f5 15.Qb3 Rd6 16.e4 Nd7
17.Nd5 Nxd5 18.cxd5 Nf6 19.Nc2 Nh5 20.Bf3 f4 21.g4 Nf6 22.h3 h5 23.g5 Nh7
24.h4 Nxg5 25.hxg5 Qxg5+ 26.Bg2 h4 27.Kh1 h3 28.Bf3 Bg4 29.Ne1 Bd7 30.Qd1 Qh4
31.Rg1 g5 32.Bg4 f3 33.Bxg5 Qxg4 34.Rxg4 Bxg4 35.Rf2 Rg6 36.Qd2 Rf7 37.Qe3 Bf8
38.Nxf3 Bxf3+ 39.Rxf3 Rxf3 40.Qxf3 Rxg5 41.Qf6 Rg3 42.Qe6+ Kh7 43.d6 Rxd3
44.d7  1-0

[Event "24th Porto San Giorgio Open"]
[Site "Porto San Giorgio ITA"]
[Date "2013.08.23"]
[Round "3.11"]
[White "Vezzosi,P"]
[Black "Ramirez Garcia,J"]
[Result "1/2-1/2"]
[WhiteElo "2281"]
[BlackElo "2303"]

1.Nf3 d5 2.c4 e6 3.g3 dxc4 4.Bg2 Nf6 5.O-O Nbd7 6.Qa4 a6 7.Qxc4 b5 8.Qc2 Bb7
9.a4 c5 10.d3 Be7 11.Nc3 Qb6 12.Qb3 Nd5 13.Bg5 Bxg5 14.Nxg5 Nxc3 15.bxc3 Bxg2
16.Kxg2 O-O 17.Rfb1 Rab8 18.axb5 axb5 19.Nf3 Rb7 20.Ra2 Rfb8  1/2-1/2

[Event "24th Porto San Giorgio Open"]
[Site "Porto San Giorgio ITA"]
[Date "2013.08.23"]
[Round "3.1"]
[White "Valsecchi,A"]
[Black "Mchedlishvili,M"]
[Result "0-1"]
[WhiteElo "2412"]
[BlackElo "2633"]

1.Nf3 d5 2.c4 c6 3.g3 Bg4 4.Qb3 Qc7 5.cxd5 cxd5 6.Nc3 Bxf3 7.exf3 e6 8.Bg2 Nc6
9.O-O Bc5 10.Nb5 Qb6 11.d4 Nxd4 12.Nxd4 Bxd4 13.Qa4+ Kf8 14.Bd2 Ne7 15.f4 Nc6
16.f5 g6 17.fxe6 fxe6 18.Rae1 Kf7 19.Bc3 Rhe8 20.Qd1 Re7 21.Qg4 Rae8 22.h4 Qc5
23.Rc1 Bxc3 24.bxc3 Kg7 25.h5 Rf8 26.hxg6 hxg6 27.c4 Ne5 28.cxd5 Qxc1 29.Qd4 Qg5
30.f4 Qf6 31.fxe5 Qg5 32.Rxf8 Kxf8 33.d6 Qc1+ 34.Kf2 Rf7+ 35.Bf3 Qc2+ 36.Ke3 Qxa2
37.d7 Qa3+ 38.Kd2 Qa5+ 39.Ke2 Qd8 40.Qd6+ Kg7  0-1

[Event "15th Sants Open 2013"]
[Site "Barcelona ESP"]
[Date "2013.08.24"]
[Round "2.12"]
[White "Burmakin,V"]
[Black "Moreno Martin,D"]
[Result "1-0"]
[WhiteElo "2565"]
[BlackElo "2220"]

1.Nf3 d5 2.c4 c6 3.e3 Nf6 4.d4 e6 5.Bd3 Nbd7 6.b3 Be7 7.O-O O-O 8.Bb2 b6
9.Nc3 Bb7 10.Qe2 Rc8 11.Rfd1 Re8 12.Rac1 c5 13.cxd5 exd5 14.Bf5 c4 15.bxc4 Ba6
16.Ne5 dxc4 17.a4 Bd6 18.Nb5 Qe7 19.Nxc4 Bxb5 20.axb5 Nd5 21.Qf3 Nb4 22.Nxd6 Qxd6
23.Rxc8 Rxc8 24.Ba3  1-0

[Event "12th Lichtenberger Sommer"]
[Site "Berlin GER"]
[Date "2013.08.24"]
[Round "8.8"]
[White "Simon,Ra"]
[Black "Petersen,SoB"]
[Result "1-0"]
[WhiteElo "2194"]
[BlackElo "2247"]

1.Nf3 d5 2.c4 dxc4 3.e3 Nf6 4.Bxc4 e6 5.O-O c5 6.Qe2 a6 7.b3 b5 8.Bd3 Nc6
9.Nc3 Bb7 10.a4 b4 11.Ne4 Na5 12.Nxf6+ Qxf6 13.Rb1 Bd6 14.Ne1 e5 15.f4 e4
16.Bc2 Qe6 17.f5 Qd5 18.d3 exd3 19.Bxd3 Nxb3 20.Bb2 Na5 21.Bxg7 Rg8 22.e4 Qc6
23.e5 Rxg7 24.exd6+ Kf8 25.f6 Rg5 26.Nf3 Rg4 27.Qe7+ Kg8 28.d7 Rd4 29.Bxh7+ Kh8
30.Bf5 Rg8 31.Qxf7 Rg5 32.Qh7+  1-0

[Event "3rd Budapest Open"]
[Site "Budapest HUN"]
[Date "2013.08.25"]
[Round "9.8"]
[White "Ritter,G"]
[Black "Furedi,Erik"]
[Result "1-0"]
[WhiteElo "2108"]
[BlackElo "1927"]

1.Nf3 d5 2.c4 d4 3.e3 c5 4.exd4 cxd4 5.d3 Nc6 6.Na3 e5 7.Nc2 Nf6 8.a3 Bd6
9.b4 b6 10.Be2 O-O 11.Bg5 h6 12.Bh4 Qe7 13.O-O Qe6 14.Nd2 Nd7 15.Bf3 Bb7
16.Re1 Qg6 17.Be4 f5 18.Bd5+ Kh8 19.f4 Nd8 20.Bxb7 Nxb7 21.fxe5 Bxe5 22.Nf3 Qd6
23.Bf2 Rad8 24.Ncxd4 a6 25.Ra2 Rf6 26.Rae2 Re8 27.Nb3 Ree6 28.d4 Bf4 29.d5 Rxe2
30.Rxe2 Ne5 31.Nxe5 Bxe5 32.Rxe5 Qxe5 33.Bd4 Qe4 34.Bxf6 Qe3+ 35.Kh1 gxf6
36.h3 f4 37.Qf3 Nd6 38.c5 Ne4 39.Qxe3 fxe3 40.Nd4 bxc5 41.bxc5 Nxc5 42.Kg1 Kg8
43.Kf1 Kf7 44.Ke2 Kg6 45.Kxe3 f5 46.Ne2 Kf6 47.Kd4 Nd7 48.Nf4 Nf8 49.Nd3 Ke7
50.Nc5 Kd6 51.Nxa6 Nd7 52.Nb4 Nb6 53.g3 Na4 54.Nc2 Ke7 55.Ke5 Kf7 56.Ne3 Nb6
57.Kxf5 Ke7 58.Kg6 Kd6 59.Kxh6  1-0

[Event "XXX Collado Villalba Open 2013"]
[Site "Collado Villalba ESP"]
[Date "2013.08.25"]
[Round "3.3"]
[White "Sanchez Gonzalez,S"]
[Black "Unciti Juan,J"]
[Result "1/2-1/2"]
[WhiteElo "2319"]
[BlackElo "2128"]

1.Nf3 d5 2.c4 d4 3.b4 c5 4.bxc5 Nc6 5.d3 e5 6.g3 Bxc5 7.Bg2 Nf6 8.O-O O-O
9.Nbd2 Bf5 10.Rb1 Rb8 11.Nb3 Bb4 12.Nh4 Bg4 13.Bd2 Bd6 14.Qe1 Qd7 15.e4 dxe3
16.Qxe3 Bh3 17.Bc3 Bxg2 18.Kxg2 Rfe8 19.Rfd1 b6 20.Qf3 Bc5 21.Nxc5 bxc5 22.Nf5 Nd4
23.Nxd4 exd4 24.Bd2 h6 25.Bxh6 Rb6 26.Rxb6 axb6 27.Bf4 Re6 28.Rd2 b5 29.cxb5 Qxb5
30.Bg5 Nd7 31.Qa8+ Kh7 32.a4 Qb1 33.Qf3 Ne5 34.Qd5 Ng6 35.h4 Re1 36.h5 Ne5
37.f4 Rh1 38.Qe4+ g6 39.hxg6+ fxg6 40.Rd1 Qxd1 41.Qb7+ Kg8 42.Qb8+ Kh7 43.Qc7+ Kg8
44.Qd8+ Kh7 45.Qe7+ Kg8  1/2-1/2

[Event "TCh-SRB 1st League 2013"]
[Site "Kragujevac SRB"]
[Date "2013.08.25"]
[Round "2.1"]
[White "Arsovic,Z"]
[Black "Radusinovic,L"]
[Result "1-0"]
[WhiteElo "2425"]
[BlackElo "2306"]

1.Nf3 d5 2.c4 c6 3.g3 Nf6 4.Bg2 Bf5 5.O-O e6 6.cxd5 exd5 7.d3 Be7 8.Be3 O-O
9.Qb3 Qc8 10.Nc3 Na6 11.Rac1 Be6 12.Qc2 Rd8 13.a3 h6 14.b4 Nc7 15.Bd4 Bh3
16.Bxf6 Bxf6 17.Bxh3 Qxh3 18.d4 Qg4 19.Kg2 Rac8 20.e3 Ne8 21.h3 Qe6 22.Na4 Nd6
23.Nc5 Qe8 24.a4 Ra8 25.Rb1 Rdc8 26.Rfc1 a6 27.Re1 b6 28.Nb3 Nc4 29.Qd3 Qe6
30.a5 b5 31.Nc5 Qd6 32.Qf5 g6 33.Qg4 h5 34.Qf4 Re8 35.Rbc1 Qxf4 36.gxf4 Be7
37.Nd3 f6 38.Kf1 Kf7 39.Ke2 Bd6 40.Kd1 Rac8 41.Kc2 Na3+ 42.Kc3 Nc4 43.Re2 Re7
44.Rg1 Rg8 45.Ree1 Ree8 46.Rg2 Rg7 47.Nd2 Nxd2 48.Kxd2 Ke6 49.Rc1 Rc8 50.Rcg1 Kf5
51.h4 Rcg8 52.Rc1 Rc8 53.f3 Re7 54.Re1 Rce8 55.Rge2 Re6 56.Rc1 Rc8 57.Rg2 Re7
58.Rcg1 Rg8 59.Rh1 Rge8 60.Re2 Rc8 61.Ke1 Rce8 62.Kf2 Rg8 63.Rc1 Rc8 64.Rec2 Rec7
65.Nc5 Bxc5 66.Rxc5 Ke6 67.e4 Kd6 68.Ke3 f5 69.Rg1 Rg8 70.exf5 Re7+ 71.Kf2 Reg7
72.fxg6 Rxg6 73.Rg5  1-0

[Event "18th Vienna Open 2013"]
[Site "Vienna AUT"]
[Date "2013.08.25"]
[Round "9.11"]
[White "Hertneck,G"]
[Black "Ali Marandi,C"]
[Result "1/2-1/2"]
[WhiteElo "2499"]
[BlackElo "2407"]

1.Nf3 d5 2.c4 c6 3.e3 Nf6 4.b3 e6 5.Bb2 Bd6 6.Be2 O-O 7.O-O Re8 8.Ne5 Nfd7
9.f4 f6 10.Ng4 Nf8 11.Nc3 a6 12.Qe1 f5 13.Ne5 Nbd7 14.Qg3 Nxe5 15.fxe5 Be7
16.d4 b5 17.c5 a5 18.a3 Bd7 19.Bd3 Ng6 20.Ne2 Kh8 21.Qh3 Bg5 22.Bc1 a4 23.b4 Rf8
24.Bd2 Bh6 25.g3 Qe7 26.Rf2 Kg8 27.Raf1 Rf7 28.Kh1 Raf8 29.Nf4 Bxf4 30.gxf4 Rc8
31.Rg2 Be8 32.Be1 Rf8 33.Rfg1 Rc7 34.Rg5 Qd7 35.Be2 Qc8 36.Rh5 h6 37.Qg2 Kh7
38.Rh3 Nh8 39.Bh4 Qd7 40.Rg3 g6 41.Rh3 Qg7 42.Bg5 h5 43.Qf2 Rd7 44.Qh4 Rb7
45.Bf6 Qh6 46.Be7 Rg8 47.Qf6 Bf7 48.Rhg3 Re8 49.Bd6 Rg8 50.R1g2 Re8 51.Kg1 Rg8
52.Kf2 Re8 53.Ke1 Bg8 54.Kd2 Rf7 55.Qh4 Rb7 56.Rg5 Bf7 57.Qf2 Rg8 58.Qg1 h4
59.Rf2 Be8 60.Rf3 Nf7 61.Rh3 Rh8 62.Rg2 Nd8 63.Qf2 Kg8 64.Rg1 Rbh7 65.Qg2 Rb7
66.Rf3 Rbh7 67.Qf1 Rb7 68.Rf2 Rhh7 69.Rfg2 Rhg7 70.Qf3 Nf7  1/2-1/2

[Event "ch-ESP Rapid 2013"]
[Site "Linares ESP"]
[Date "2013.08.26"]
[Round "2.2"]
[White "Salgado Lopez,I"]
[Black "Vega Gutierrez,S"]
[Result "1-0"]
[WhiteElo "2614"]
[BlackElo "2402"]

1.Nf3 d5 2.c4 e6 3.g3 Nf6 4.Bg2 dxc4 5.Qa4+ c6 6.Qxc4 b5 7.Qc2 Bb7 8.O-O Nbd7
9.a4 a6 10.Nc3 Rc8 11.d3 Qb6 12.Be3 c5 13.axb5 axb5 14.Qb3 Nd5 15.Nxd5 Bxd5
16.Qc3 b4 17.Qc2 Be7 18.Nd2 Bxg2 19.Kxg2 O-O 20.f3 Ra8 21.Bf2 Ra6 22.Rxa6 Qxa6
23.Nb3 Rc8 24.Ra1 Qc6 25.Ra7 Bf8 26.Na5 Qb6 27.Rxd7 Qxa5 28.Qc4 Qa4 29.Rb7 Qc6
30.Ra7 Qb6 31.Ra1 Qb7 32.Rc1 Rd8 33.Bxc5 Rc8 34.d4 e5 35.e3 exd4 36.exd4 Bxc5
37.dxc5 Qe7 38.c6 Rc7 39.Qe4 Qxe4 40.fxe4 Kf8 41.e5 Ke7 42.Kf3 f6 43.Ke4 Ke6
44.exf6 gxf6 45.g4 Kd6 46.Kf5 Ke7 47.b3 Kf7 48.h4 Ke7 49.Re1+ Kf7 50.Re6  1-0

[Event "XXX Collado Villalba Open 2013"]
[Site "Collado Villalba ESP"]
[Date "2013.08.27"]
[Round "5.5"]
[White "Sanchez Gonzalez,S"]
[Black "Esquivias Gomez,F"]
[Result "1-0"]
[WhiteElo "2319"]
[BlackElo "1975"]

1.Nf3 d5 2.c4 c6 3.b3 Nf6 4.Bb2 g6 5.g3 Bg7 6.Bg2 O-O 7.O-O c5 8.cxd5 Nxd5
9.Bxg7 Kxg7 10.d4 cxd4 11.Qxd4+ Nf6 12.Qb2 Nc6 13.Nc3 Kg8 14.Rfd1 Qa5 15.e4 Bg4
16.Nd5 Nxd5 17.exd5 Nb4 18.Rd4 Bxf3 19.Bxf3 Qb6 20.Qd2 Nc2 21.Rh4 Qf6 22.Rc1 Nd4
23.Rxd4 Qxf3 24.Re1 Qf6 25.Rf4 Qd6 26.Rh4 h5 27.Qg5 Qf6 28.Rxh5 Qxg5 29.Rxg5 Rfe8
30.h4 Rad8 31.h5 Rd6 32.hxg6 fxg6 33.Re6 Rxe6 34.dxe6 Kg7 35.Rc5 Kf6 36.Rc7 Rb8
37.Kg2 Kxe6 38.Kf3 Kd6 39.Rc2 Rf8+ 40.Kg4 Rf5 41.f4 e5 42.Rd2+ Kc7 43.Rd5 e4
44.Rd4 Ra5 45.a4 e3 46.Re4 b5 47.Kf3 bxa4 48.Rxa4 Rc5 49.Rxa7+  1-0

[Event "24th Porto San Giorgio Open"]
[Site "Porto San Giorgio ITA"]
[Date "2013.08.27"]
[Round "7.6"]
[White "Stella,A"]
[Black "Ramirez Garcia,J"]
[Result "1-0"]
[WhiteElo "2447"]
[BlackElo "2303"]

1.Nf3 d5 2.c4 e6 3.g3 dxc4 4.Qa4+ Nd7 5.Qxc4 a6 6.d4 Ngf6 7.Bg2 b5 8.Qc6 Rb8
9.Bf4 Nd5 10.Bg5 Be7 11.Bxe7 Qxe7 12.Nc3 Bb7 13.Nxd5 Bxc6 14.Nxe7 Kxe7 15.Rc1 Rb6
16.O-O Rc8 17.b3 Bd5 18.Nd2 Rd6 19.Ne4 Bxe4 20.Bxe4 Kd8 21.Rfd1 g6 22.Bc6 Rb8
23.h4 Rb6 24.Bf3 e5 25.dxe5 Nxe5 26.Bd5 c6 27.Be4 Kc7 28.Rxd6 Kxd6 29.Rd1+ Kc7
30.f4 Nd7 31.g4 Nc5 32.Bc2 Rb8 33.b4 Ne6 34.f5 Nf4 35.Kf2 Re8 36.e4 gxf5
37.Kf3 Ng6 38.exf5 Nxh4+ 39.Kg3 Ng2 40.Bb3 Ne3 41.Rh1 f6 42.Rxh7+ Kd6 43.Rf7 Ke5
44.Ra7 Nd5 45.Bxd5 Kxd5 46.Rxa6 Re2 47.a3 Ra2 48.Kf4 Rf2+ 49.Ke3 Rg2 50.Kf3 Ra2
51.Ra8 Kd6 52.Rd8+ Ke5 53.Rd3 Ra1 54.Re3+ Kd5 55.Kf4 c5 56.bxc5 Kxc5 57.Re6 Rf1+
58.Kg3 Rg1+ 59.Kf3 Rf1+ 60.Kg3 Rg1+ 61.Kf3 Rf1+ 62.Kg2 Rf4 63.Kg3 Ra4 64.Rxf6 Rxa3+
65.Kf4 Ra4+ 66.Kg5 b4 67.Rf8 b3 68.Rc8+ Kd4 69.Rb8 Kc4 70.f6 Ra5+ 71.Kg6 Rb5
72.Rxb5 Kxb5 73.f7  1-0

[Event "US Chess League 2013"]
[Site "chess.com INT"]
[Date "2013.08.28"]
[Round "1"]
[White "Marmont,Benjamin A"]
[Black "Lee,Megan"]
[Result "1/2-1/2"]
[WhiteElo "2131"]
[BlackElo "2084"]

1.Nf3 d5 2.c4 c6 3.b3 Nf6 4.Bb2 Bf5 5.g3 e6 6.Bg2 Nbd7 7.O-O Be7 8.d3 h6
9.Nbd2 O-O 10.a3 a5 11.Ra2 c5 12.cxd5 exd5 13.d4 Qb6 14.dxc5 Bxc5 15.e3 Rfc8
16.Nd4 Bh7 17.N2f3 Bd6 18.Bh3 Re8 19.Nh4 Bf8 20.a4 Nc5 21.Bf5 g6 22.Bb1 Rac8
23.Nb5 Red8 24.Nf3 Na6 25.Qd4 Qxd4 26.Bxd4 Nd7 27.Bc3 Bb4 28.Bxb4 Nxb4 29.Rd2 Nc5
30.Nfd4 Ne4 31.Rdd1 Nc3 32.Nxc3 Rxc3 33.Rc1 Rdc8 34.Rxc3 Rxc3 35.Rd1 g5 36.Bxh7+ Kxh7
37.Kf1 Kg6 38.Ke2 f5 39.Kd2 Rd3+ 40.Ke2 Rc3 41.Kd2 Rd3+ 42.Ke2 Rc3 43.Kd2 Rc8  1/2-1/2

[Event "TCh-SRB 1st League w 2013"]
[Site "Kragujevac SRB"]
[Date "2013.08.28"]
[Round "5.2"]
[White "Vojinovic,J"]
[Black "Babic,Marijana"]
[Result "1-0"]
[WhiteElo "2376"]
[BlackElo "2138"]

1.Nf3 d5 2.c4 e6 3.g3 Nf6 4.Bg2 Be7 5.O-O O-O 6.d4 c6 7.Qc2 Nbd7 8.Rd1 b6
9.Nc3 Ba6 10.b3 Rc8 11.e4 Qc7 12.Bf4 Qb7 13.Nd2 Qa8 14.a4 Bb4 15.a5 bxa5
16.c5 Ne8 17.Na2 Bb5 18.Nxb4 axb4 19.Qa2 a6 20.Bf1 e5 21.dxe5 Nxc5 22.Be3 Nd7
23.Bh3 f5 24.e6 Ne5 25.Bc5 fxe4 26.Bxf8 Kxf8 27.Bf1 Nd3 28.Nf3 c5 29.Ne1 c4
30.Nxd3 cxd3 31.Qa5 Qb7 32.Rac1 Rc2 33.Qxb4+ Qe7 34.Qe1 Qxe6 35.Rxc2 dxc2
36.Rc1 Qc6 37.Bxb5 Qxb5 38.Qc3 Nf6 39.Rxc2  1-0

[Event "21st Honor to National Resistance"]
[Site "Nikaia GRE"]
[Date "2013.08.28"]
[Round "3.16"]
[White "Drakoulakos,Grigorios"]
[Black "Bellos,E"]
[Result "1-0"]
[WhiteElo "1925"]
[BlackElo "1675"]

1.Nf3 d5 2.c4 d4 3.e3 Nc6 4.exd4 Nxd4 5.Nxd4 Qxd4 6.Nc3 Bd7 7.d3 Nf6 8.Be3 Qg4
9.Qd2 e6 10.h3 Qg6 11.O-O-O Bb4 12.a3 Bxc3 13.Qxc3 a6 14.Be2 Bc6 15.Bf3 Bxf3
16.gxf3 Nh5 17.Qb4 O-O-O 18.Qc5 Qf5 19.Qxf5 exf5 20.Kc2 Rhe8 21.Rhe1 Re6
22.f4 Rde8 23.Rg1 g6 24.Kc3 Nf6 25.b3 c6 26.Ra1 Kc7 27.a4 b6 28.Rge1 Kb7
29.Rg1 Rd8 30.Rad1 Red6 31.Rge1 Ne4+ 32.Kc2 Nf6 33.Bc1 Re6 34.Rxe6 fxe6 35.Re1 Re8
36.Bb2 Nh5 37.Be5 c5 38.Kc3 Kc6 39.b4 h6 40.h4 Rf8 41.a5 b5 42.bxc5 Kxc5
43.d4+ Kc6 44.Rb1 Nf6 45.Bxf6 Rxf6 46.cxb5+ axb5 47.Kb4 Rf8 48.Rc1+ Kd5 49.a6 Kxd4
50.Re1 Kd5 51.Kxb5 Rb8+ 52.Ka5 Rb2 53.Re5+ Kd6 54.Rb5 Rxf2 55.Kb6 Rxf4 56.a7 Ra4
57.Ra5 Rb4+ 58.Ka6  1-0

[Event "11th Kesan Open"]
[Site "Edirne TUR"]
[Date "2013.08.29"]
[Round "5.12"]
[White "Soydan,Busra"]
[Black "Ozturk,E"]
[Result "0-1"]
[WhiteElo "1734"]
[BlackElo "2201"]

1.Nf3 d5 2.c4 c6 3.cxd5 cxd5 4.d4 Nc6 5.Nc3 Nf6 6.Qb3 Na5 7.Qc2 g6 8.Bg5 Bg7
9.e3 O-O 10.Bd3 Be6 11.O-O Rc8 12.Rac1 a6 13.Qe2 Nd7 14.b3 f6 15.Bf4 Bf7
16.e4 e6 17.Rfe1 Nc6 18.exd5 exd5 19.Qd2 Re8 20.h4 Bf8 21.Bg3 Rxe1+ 22.Qxe1 Ba3
23.Rd1 Bb4 24.Bb1 Na7 25.h5 Bxc3 26.Qe3 Bb4 27.hxg6 hxg6 28.Nh4 Qe8 29.Qf4 Qe2
30.Rf1 Kg7 31.f3 Bd2 32.Qg4 Be3+ 33.Kh2 Qxf1 34.Nf5+ Kg8 35.Ne7+ Kf8 36.Bd6 Qg1+
37.Kh3 Qh1+ 38.Kg3 Qxb1 39.Nxc8+ Kg7 40.Nxa7 f5 41.Qh3 Qe1+ 42.Kh2 Bg1+  0-1

[Event "20th Graz Open 2013"]
[Site "Graz AUT"]
[Date "2013.08.29"]
[Round "6.11"]
[White "Deutschmann,R"]
[Black "Wallner,D"]
[Result "0-1"]
[WhiteElo "2035"]
[BlackElo "2097"]

1.Nf3 d5 2.c4 c6 3.b3 Nf6 4.Bb2 Bf5 5.e3 e6 6.Be2 h6 7.O-O Nbd7 8.Ne5 Nxe5
9.Bxe5 Bd6 10.f4 O-O 11.g4 Bh7 12.Qe1 Bxe5 13.fxe5 Nd7 14.d4 f6 15.exf6 Rxf6
16.Nd2 Qe7 17.Bf3 dxc4 18.bxc4 Raf8 19.Qe2 e5 20.c5 Kh8 21.g5 hxg5 22.Be4 exd4
23.exd4 Re6 24.Rxf8+ Nxf8 25.Re1 Nd7 26.Qh5 Nf6 27.Qh3 g4  0-1

[Event "20th Graz Open 2013"]
[Site "Graz AUT"]
[Date "2013.08.29"]
[Round "6.2"]
[White "Aschenbrenner,R"]
[Black "Goessler,Markus"]
[Result "1/2-1/2"]
[WhiteElo "2233"]
[BlackElo "2124"]

1.Nf3 d5 2.c4 dxc4 3.e3 Nf6 4.Bxc4 e6 5.O-O a6 6.Qe2 c5 7.Rd1 Qc7 8.d4 b5
9.Bd3 Bb7 10.a3 Nbd7 11.Nc3 Be7 12.e4 cxd4 13.Nxd4 O-O 14.g3 Rfd8 15.Bf4 e5
16.Nf5 exf4 17.Nxe7+ Kf8 18.Ned5 Nxd5 19.Nxd5 Bxd5 20.exd5 Nf6 21.Rac1 Qb7
22.Be4 Re8 23.f3 fxg3 24.hxg3 Re5 25.Rc3  1/2-1/2

[Event "TCh-SRB 1st League 2013"]
[Site "Kragujevac SRB"]
[Date "2013.08.30"]
[Round "7.1"]
[White "Milanovic,Da"]
[Black "Sarenac,D"]
[Result "1-0"]
[WhiteElo "2491"]
[BlackElo "2293"]

1.Nf3 d5 2.c4 c6 3.d4 Nf6 4.e3 e6 5.Bd3 Nbd7 6.O-O Bd6 7.Nbd2 O-O 8.b3 e5
9.cxd5 cxd5 10.dxe5 Nxe5 11.Be2 Nc6 12.Bb2 Bg4 13.Nd4 Bxe2 14.Qxe2 Re8 15.Rfd1 Rc8
16.N2f3 Bf8 17.Rac1 Ne4 18.Qb5 Qb6 19.Qxd5 Nb4 20.Rxc8 Nxd5 21.Rxe8 Nd6 22.Re5 Nb4
23.Ba3 f6 24.Re6 Qa5 25.Bxb4 Qxb4 26.g4 Kf7 27.Rc1 Nb5 28.Rc4 Nxd4 29.Nxd4 Qa5
30.Re4 b5 31.Rc8 Qxa2 32.Ree8 Bc5 33.Red8 Bxd4 34.Rxd4 a5 35.Rc7+ Ke6 36.Rc6+ Ke7
37.Ra6 g5 38.Kg2 Qxb3 39.Rxa5 h6 40.Ra7+ Ke6 41.Ra6+ Ke7 42.Rb6 Qb1 43.h3 Qb3
44.Rdd6 Qc4 45.Rxf6 Qe4+ 46.Kg1 Qb1+ 47.Kh2 Qc2 48.Kg3 Qb1 49.Rxh6 Qg1+ 50.Kf3 Qd1+
51.Kg2 Qd5+ 52.Kg1 Qd1+ 53.Kh2 Kd7 54.Rxb5  1-0

[Event "21st Honor to National Resistance"]
[Site "Nikaia GRE"]
[Date "2013.08.30"]
[Round "5.10"]
[White "Drakoulakos,Grigorios"]
[Black "Tsiropoulas,A"]
[Result "1/2-1/2"]
[WhiteElo "1925"]
[BlackElo "2146"]

1.Nf3 d5 2.c4 e6 3.g3 Nf6 4.Bg2 Be7 5.O-O O-O 6.d4 h6 7.Qc2 Na6 8.a3 c5 9.cxd5 exd5
10.Nc3 Be6 11.Rd1 Rc8 12.Be3 Ng4 13.Bf4 Qb6 14.Qd2 Rfd8 15.Rac1 cxd4 16.Nxd4 Rc4
17.b4 g5 18.Na4 Qxd4 19.Qxd4 Rxd4 20.Rxd4 gxf4 21.gxf4 Bh4 22.Rf1 f5 23.Nc3 Nc7
24.h3 Nf6 25.Rc1 Rd7 26.e3 Kf8 27.f3 Rg7 28.Ne2 Nb5 29.Rd3 Ne8 30.a4 Nbc7
31.Nc3 Nd6 32.Kf1 Ke8 33.Ne2 Kd8 34.e4 Bd7 35.Nc3 fxe4 36.fxe4 Nxe4 37.Nxe4 dxe4
38.Bxe4 Kc8 39.b5 Rf7 40.Ke2 Re7 41.Kf3 Rg7 42.Ke2 Rf7 43.Rc5 b6 44.Rc4 Be6
45.Bd5 Bxd5 46.Rxd5 Be7 47.Rh5 Bf8 48.Re4 Kd7 49.Rd4+ Ke7 50.Rc4 Ne6 51.Re5 Kf6
52.Rc6 Re7 53.Ke3 Kf7 54.a5 bxa5 55.Ra6 h5 56.f5 Nc7 57.Rxe7+ Bxe7 58.Rxa5 Kf6
59.Kd4 Bb4 60.Ra2 Nxb5+ 61.Kc4 a5 62.Kxb5 Kxf5 63.Rg2 Kf4 64.Rg8  1/2-1/2

[Event "TCh-POL Ekstraliga 2013"]
[Site "Gorzow Wielkopolski POL"]
[Date "2013.08.31"]
[Round "5.5"]
[White "Jakubowski,K"]
[Black "Hera,I"]
[Result "0-1"]
[WhiteElo "2510"]
[BlackElo "2555"]

1.Nf3 d5 2.c4 d4 3.g3 c5 4.Bg2 Nc6 5.O-O e5 6.d3 Bd6 7.e3 Nge7 8.exd4 exd4
9.Nbd2 f5 10.Ng5 h6 11.Qh5+ g6 12.Bxc6+ bxc6 13.Qh4 Kf8 14.Ne6+ Bxe6 15.Qf6+ Kg8
16.Qxe6+ Kg7 17.Nb3 Re8 18.Qe2 Qc7 19.Bd2 Ng8 20.Qf3 Nf6 21.Na5 Ng4 22.Qxc6 Ne5
23.Qd5 Nxd3 24.b4 Rad8 25.Nb7 Rd7 26.Nxd6 Rxd6 27.Qf3 Ne5 28.Qg2 cxb4 29.Bxb4 Rc6
30.Qd5 Rd8 31.Ba5 Rxd5 32.Bxc7 Nxc4 33.Bb8 d3 34.Bxa7 d2 35.Rab1 Ra6 36.Be3 Rxa2
37.Rfd1 g5 38.Kf1 Kg6 39.Ke2 Rc2 40.Rb3 Kh5 41.h3 Re5 42.Kf3 Rc1 43.Rb1 Rc3
44.g4+ Kh4 45.gxf5 Nxe3 46.fxe3 Rexe3+ 47.Kf2 Rxh3 48.f6 Rcf3+ 49.Kg2 Rhg3+
50.Kh1 Rh3+ 51.Kg2 Rfg3+ 52.Kf1 Rh1+ 53.Kf2 Rh2+ 54.Kf1 Rf3+ 55.Kg1 Re2 56.Rf1 Rg3+
57.Kh1 Kh3  0-1